[Event "I Festival delle Marche A"]
[Site "Civitanova Marche ITA"]
[Date "2012.08.28"]
[Round "8"]
[White "Mariano, Elia"]
[Black "Teutsch, Alexander"]
[WhiteElo "2159"]
[BlackElo "2095"]
[Result "1/2-1/2"]
[PlyCount "82"]
[EventDate "2012.08.21"]

1. Nf3 g6 2. g3 Bg7 3. Bg2 e5 4. e4 Ne7 5. O-O c5 6. c3 Nbc6 7. Na3 d5 8. exd5
Nxd5 9. d4 cxd4 10. cxd4 e4 11. Ne5 f5 12. Nxc6 bxc6 13. f3 exf3 14. Re1+ Kf7
15. Bxf3 Qb6 16. Nc4 Qxd4+ 17. Qxd4 Bxd4+ 18. Kg2 Kf6 19. Rd1 Be5 20. Nxe5 Kxe5
21. b4 Ke6 22. Re1+ Kf7 23. Bb2 Rd8 24. Rad1 Be6 25. a3 a5 26. bxa5 Rxa5 27.
Rc1 c5 28. Rc2 c4 29. Rce2 Re8 30. Kf2 Nf6 31. Re5 Rxe5 32. Bxe5 Rd8 33. Rd1
Rxd1 34. Bxd1 Ne4+ 35. Ke3 Bd5 36. Bc2 Ng5 37. Bf4 Nf3 38. h4 Ne1 39. Kd2 Nf3+
40. Ke3 Ne1 41. Kd2 Nf3+ 1/2-1/2

[Event "I Festival delle Marche A"]
[Site "Civitanova Marche ITA"]
[Date "2012.08.28"]
[Round "8"]
[White "Marsili, Riccardo"]
[Black "Xia, Jie"]
[WhiteElo "2069"]
[BlackElo "2254"]
[Result "0-1"]
[PlyCount "130"]
[EventDate "2012.08.21"]

1. c4 Nf6 2. g3 e5 3. Bg2 c6 4. d3 Bc5 5. Nc3 h6 6. Nf3 d6 7. O-O O-O 8. Na4
Qe7 9. Bd2 e4 10. dxe4 Nxe4 11. Nxc5 Nxd2 12. Qxd2 dxc5 13. Qc2 Na6 14. a3 Bg4
15. Rfe1 Rad8 16. Rad1 Rfe8 17. Rxd8 Rxd8 18. Rd1 Re8 19. Kf1 Nc7 20. Qd2 Qf6
21. h3 Bxf3 22. Bxf3 Ne6 23. b3 Nd4 24. Qd3 Ne6 25. Bg4 Rd8 26. Qc2 Rxd1+ 27.
Qxd1 Qd4 28. Qb1 Ng5 29. e3 Qd2 30. h4 Nh7 31. Bf5 Nf8 32. Kg2 g6 33. Be4 Qd6
34. Qd3 Qe7 35. Bf3 Nd7 36. Qe4 Ne5 37. h5 g5 38. Bd1 Qd6 39. Bc2 Nd7 40. Qh7+
Kf8 41. Bg6 Qf6 42. Be4 Ke7 43. Bc2 Ne5 44. Qe4 Kd8 45. a4 Kc7 46. Bd1 Qd6 47.
Bc2 Kb6 48. Kf1 g4 49. Ke2 Ka5 50. Bd1 Qe6 51. Bc2 Qf6 52. Qf5 Qd6 53. Bd1 Kb4
54. Qc2 Nf3 55. Qa2 Ka5 56. Qc2 Qe5 57. Qd3 Qb2+ 58. Bc2 Kb4 59. Kd1 Qc3 60.
Qxc3+ Kxc3 61. Kc1 Ne5 62. Kd1 Nd3 63. Bxd3 Kxd3 64. Ke1 f5 65. Kd1 b5 0-1

[Event "I Festival delle Marche A"]
[Site "Civitanova Marche ITA"]
[Date "2012.08.28"]
[Round "8"]
[White "Movileanu, Daniela"]
[Black "Calavalle, Giulio"]
[WhiteElo "1993"]
[BlackElo "2185"]
[Result "1/2-1/2"]
[PlyCount "140"]
[EventDate "2012.08.21"]

1. e4 c5 2. Nf3 d6 3. d4 cxd4 4. Nxd4 Nf6 5. f3 a6 6. c4 e6 7. Nc3 Nbd7 8. Be3
Be7 9. Be2 O-O 10. O-O d5 11. cxd5 exd5 12. exd5 Nb6 13. Qb3 Nbxd5 14. Nxd5
Nxd5 15. Bf2 Nf4 16. Rfd1 Bc5 17. Bf1 Qf6 18. Qc2 Bd6 19. Qe4 Be5 20. Re1 Bd6
21. Red1 Rb8 22. Ne2 Nxe2+ 23. Qxe2 Be5 24. Bg3 Qb6+ 25. Kh1 Bxg3 26. hxg3 Bf5
27. Qe5 Rbe8 28. Rd6 Qc7 29. Qd4 Be6 30. b3 Rd8 31. Rd1 Rxd6 32. Qxd6 Qa5 33.
Qe7 g6 34. Qxb7 Qxa2 35. Qxa6 Qxb3 36. Qd3 Qxd3 37. Bxd3 h5 38. Kg1 Rb8 39. Be4
Kg7 40. Rc1 Rb4 41. Rc5 Rd4 42. Bb7 Kf6 43. Bc8 g5 44. Bxe6 fxe6 45. Rc8 g4 46.
Rh8 Rd5 47. Kf2 Kg7 48. Re8 Re5 49. Re7+ Kf6 50. Rh7 Rf5 51. Ra7 Rb5 52. Rh7
Rb2+ 53. Kf1 Kg6 54. Re7 h4 55. fxg4 Kf6 56. Re8 hxg3 57. g5+ Kf7 58. Ra8 Rf2+
59. Kg1 Rf5 60. g6+ Kg7 61. Ra3 Rg5 62. Kf1 Kxg6 63. Ke2 Kf5 64. Kf3 e5 65. Ra5
Rg8 66. Rb5 Ke6 67. Ke4 Rg4+ 68. Kf3 Rg7 69. Ke4 Rg4+ 70. Kf3 Rg8 1/2-1/2

[Event "I Festival delle Marche A"]
[Site "Civitanova Marche ITA"]
[Date "2012.08.28"]
[Round "8"]
[White "Petkov, Vladimir"]
[Black "Naumkin, Igor"]
[WhiteElo "2511"]
[BlackElo "2477"]
[Result "1/2-1/2"]
[PlyCount "21"]
[EventDate "2012.08.21"]

1. d4 Nf6 2. c4 e6 3. Nf3 b6 4. g3 Bb7 5. Bg2 Be7 6. O-O O-O 7. Nc3 Ne4 8. Qc2
Nxc3 9. Qxc3 f5 10. Ne1 Bxg2 11. Nxg2 1/2-1/2

[Event "I Festival delle Marche A"]
[Site "Civitanova Marche ITA"]
[Date "2012.08.28"]
[Round "8"]
[White "Tomescu, Vlad"]
[Black "Boscolo, Marco"]
[WhiteElo "2403"]
[BlackElo "2155"]
[Result "1-0"]
[PlyCount "125"]
[EventDate "2012.08.21"]

1. d4 Nf6 2. c4 e6 3. Nc3 Bb4 4. f3 d5 5. a3 Bxc3+ 6. bxc3 c5 7. e3 O-O 8. cxd5
exd5 9. Bd3 b6 10. Ne2 Ba6 11. Bxa6 Nxa6 12. O-O Re8 13. Ng3 Qd7 14. Re1 Nc7
15. e4 dxe4 16. fxe4 cxd4 17. cxd4 Rad8 18. Bb2 Qg4 19. Qf3 Nb5 20. d5 Qxf3 21.
gxf3 Nd7 22. Nf5 Ne5 23. Bxe5 Rxe5 24. a4 Nd6 25. Nxd6 Rxd6 26. Rac1 g5 27. Kf2
Re7 28. Red1 Kg7 29. Ke3 h6 30. Kd4 Red7 31. Rc8 Rf6 32. Ke3 Rfd6 33. Rdc1 Re7
34. R1c7 Red7 35. Kd4 f6 36. Rc6 Rxc6 37. Rxc6 Kf7 38. h3 h5 39. e5 fxe5+ 40.
Kxe5 Re7+ 41. Kd4 Re1 42. Rc7+ Kf6 43. Rxa7 Rd1+ 44. Kc4 Rc1+ 45. Kb5 Rc5+ 46.
Kxb6 Rxd5 47. Ra8 Rd3 48. a5 Kg7 49. a6 Rxf3 50. Rd8 Rb3+ 51. Kc5 Ra3 52. Kb5
Kf6 53. Rd4 Kf5 54. Ra4 Rb3+ 55. Kc6 Rc3+ 56. Kb5 Rb3+ 57. Ka5 Rb8 58. a7 Ra8
59. Kb6 g4 60. Ra5+ Kf4 61. Rxh5 g3 62. Rh4+ Kf3 63. Kb7 1-0

[Event "I Festival delle Marche A"]
[Site "Civitanova Marche ITA"]
[Date "2012.08.29"]
[Round "9"]
[White "Aleksic, Nenad"]
[Black "Moroni, Luca jr"]
[WhiteElo "2341"]
[BlackElo "2116"]
[Result "1/2-1/2"]
[PlyCount "102"]
[EventDate "2012.08.21"]

1. e4 c5 2. Nf3 d6 3. d4 cxd4 4. Nxd4 Nf6 5. Nc3 a6 6. g3 e6 7. Bg2 Be7 8. O-O
Qc7 9. Be3 O-O 10. g4 Nc6 11. g5 Nd7 12. f4 Nxd4 13. Bxd4 b5 14. Qh5 e5 15. Nd5
Qd8 16. fxe5 Nxe5 17. Bb6 Qd7 18. Rf4 Ng6 19. Rf3 Ne5 20. Rh3 h6 21. Nf6+ Bxf6
22. gxf6 Qc6 23. fxg7 Qxb6+ 24. Kh1 Bxh3 25. gxf8=Q+ Rxf8 26. Bxh3 Qe3 27. Qh4
Ng6 28. Qg4 h5 29. Qg2 Kh8 30. Bf5 Nh4 31. Qh3 Qxh3 32. Bxh3 Re8 33. Bg2 Nxg2
34. Kxg2 Rxe4 35. Kf3 Rd4 36. Ke3 Rh4 37. Rd1 Rxh2 38. Rxd6 Rxc2 39. Rxa6 Rxb2
40. Rh6+ Kg7 41. Rxh5 Kg6 42. Rc5 f5 43. Kf4 Rf2+ 44. Kg3 Rxa2 45. Rxb5 Kg5 46.
Rb3 Rc2 47. Ra3 Rb2 48. Rc3 Rb4 49. Ra3 Rg4+ 50. Kf3 Rh4 51. Kg2 Rh6 1/2-1/2

[Event "I Festival delle Marche A"]
[Site "Civitanova Marche ITA"]
[Date "2012.08.29"]
[Round "9"]
[White "Calavalle, Giulio"]
[Black "Barlocco, Carlo"]
[WhiteElo "2185"]
[BlackElo "2076"]
[Result "1-0"]
[PlyCount "80"]
[EventDate "2012.08.21"]

1. e4 Nf6 2. Nc3 Nc6 3. d4 d6 4. f3 e5 5. d5 Ne7 6. Nb1 c6 7. c4 cxd5 8. cxd5
Ng6 9. Be3 Be7 10. Nc3 O-O 11. g3 h6 12. h4 Nh7 13. Qd2 f5 14. exf5 Bxf5 15.
Nge2 Nf6 16. Rg1 e4 17. f4 Ng4 18. O-O-O Nh2 19. Nd4 Nxf1 20. Rdxf1 Qa5 21. h5
Nh8 22. g4 Bd7 23. Kb1 Nf7 24. Nb3 Qa6 25. Rc1 Rfe8 26. Nxe4 Bd8 27. Nc3 b5 28.
Ne2 Bb6 29. Bd4 Qb7 30. Bxb6 Qxb6 31. Nbd4 Re4 32. Rcd1 Rae8 33. Ng3 Re3 34.
Ndf5 Bxf5+ 35. Nxf5 Rf3 36. Nd4 Rh3 37. Rge1 Rf8 38. Qg2 Rh4 39. Qg3 Qd8 40.
Nf5 Qe7 1-0

[Event "I Festival delle Marche A"]
[Site "Civitanova Marche ITA"]
[Date "2012.08.29"]
[Round "9"]
[White "De Santis, Alessio"]
[Black "Pascucci, Marco"]
[WhiteElo "2344"]
[BlackElo "2132"]
[Result "0-1"]
[PlyCount "66"]
[EventDate "2012.08.21"]

1. Nf3 d5 2. c4 d4 3. e4 Nc6 4. d3 e5 5. Nbd2 Nf6 6. a3 a5 7. b3 Be7 8. g3 O-O
9. Bg2 Nd7 10. O-O Nc5 11. Ne1 Be6 12. Rb1 Qd7 13. Qc2 Rfb8 14. f4 f6 15. Nef3
b5 16. fxe5 Nxe5 17. Nxe5 fxe5 18. Nf3 bxc4 19. Nxe5 cxd3 20. Nxd3 Nxb3 21. e5
Bd5 22. Nf4 Bxg2 23. Kxg2 a4 24. Qc4+ Kh8 25. Qf7 Rf8 26. Qh5 Qf5 27. Qxf5 Rxf5
28. Nd5 Rxe5 29. Nxc7 Rf8 30. Rxf8+ Bxf8 31. Kf3 Re1 32. Rb2 Rxc1 33. Nb5 d3
0-1

[Event "I Festival delle Marche A"]
[Site "Civitanova Marche ITA"]
[Date "2012.08.29"]
[Round "9"]
[White "Juhasz, Kristof"]
[Black "Borgiani, Flavio"]
[WhiteElo "2377"]
[BlackElo "2139"]
[Result "1-0"]
[PlyCount "147"]
[EventDate "2012.08.21"]

1. d4 Nf6 2. c4 d6 3. Nc3 Bf5 4. f3 e5 5. e4 exd4 6. Qxd4 Nc6 7. Qd1 Be6 8. b3
g6 9. Nge2 Bg7 10. g3 Qd7 11. Bb2 O-O-O 12. Qc2 Nb4 13. Qd2 c6 14. O-O-O Qc7
15. a3 Na6 16. Qc2 Kb8 17. Nd4 Bd7 18. Kb1 Nc5 19. b4 Ne6 20. Nb3 g5 21. Bg2
Rhg8 22. Ne2 h5 23. Bc3 h4 24. Qb2 Nh5 25. Bxg7 Nhxg7 26. g4 Bc8 27. Rd2 Qe7
28. Rhd1 f6 29. Nbd4 Nxd4 30. Nxd4 Ka8 31. Re2 Qe5 32. h3 c5 33. Nb5 a6 34.
Nc7+ Kb8 35. Nd5 Qxb2+ 36. Kxb2 Rgf8 37. f4 Rde8 38. Rf2 Ne6 39. Kc3 Bd7 40.
fxg5 cxb4+ 41. axb4 fxg5 42. Nf6 Bc6 43. Rxd6 Ka7 44. Bf1 Nf4 45. Nxe8 Rxe8 46.
b5 axb5 47. cxb5 Bxe4 48. Rfd2 b6 49. Ra2+ Kb7 50. Ra6 Kc7 51. Rh6 Ne6 52. Ra7+
Kd6 53. Bc4 Bd5 54. Bxd5 Kxd5 55. Rf7 Rc8+ 56. Kd2 Re8 57. Rff6 Re7 58. Rfg6
Re8 59. Rh7 Kc4 60. Rf6 Kxb5 61. Rhh6 Nf4 62. Rf5+ Ka6 63. Rxg5 Nxh3 64. Rf5
Rg8 65. Rxh4 Ng5 66. Ke3 Rg6 67. Kf4 Ne6+ 68. Ke5 Ng7 69. Rf6 Rg5+ 70. Kf4 Rb5
71. Rh7 Rb4+ 72. Kg3 Rb3+ 73. Kf2 Rb2+ 74. Ke1 1-0

[Event "I Festival delle Marche A"]
[Site "Civitanova Marche ITA"]
[Date "2012.08.29"]
[Round "9"]
[White "Martinez, Rolly"]
[Black "Tomescu, Vlad"]
[WhiteElo "2426"]
[BlackElo "2403"]
[Result "1-0"]
[PlyCount "67"]
[EventDate "2012.08.21"]

1. e4 c5 2. Nf3 Nc6 3. d4 cxd4 4. Nxd4 Nf6 5. Nc3 d6 6. Bc4 e6 7. Be3 a6 8. Qe2
Qc7 9. Bb3 Na5 10. f3 b5 11. g4 Be7 12. g5 Nh5 13. O-O-O Nxb3+ 14. axb3 g6 15.
f4 b4 16. Na4 Bd7 17. f5 e5 18. Nf3 gxf5 19. Nb6 Bb5 20. Nxa8 Bxe2 21. Nxc7+
Kd7 22. Nxe5+ Kxc7 23. Nxf7 Bxd1 24. Nxh8 Bf3 25. Rg1 Bxe4 26. g6 hxg6 27. Nxg6
Bf6 28. Nf4 Nxf4 29. Bxf4 Kd7 30. Rg6 Be5 31. Bxe5 dxe5 32. Rxa6 f4 33. Kd2 Ke7
34. h4 1-0

[Event "I Festival delle Marche A"]
[Site "Civitanova Marche ITA"]
[Date "2012.08.29"]
[Round "9"]
[White "Naumkin, Igor"]
[Black "Horvath, Jozsef"]
[WhiteElo "2477"]
[BlackElo "2536"]
[Result "1/2-1/2"]
[PlyCount "20"]
[EventDate "2012.08.21"]

1. d4 d5 2. c4 c6 3. Nf3 Nf6 4. Nc3 e6 5. e3 Nbd7 6. Qc2 Bd6 7. Bd3 O-O 8. O-O
dxc4 9. Bxc4 b5 10. Be2 Bb7 1/2-1/2

[Event "I Festival delle Marche A"]
[Site "Civitanova Marche ITA"]
[Date "2012.08.29"]
[Round "9"]
[White "Stella, Andrea"]
[Black "Petkov, Vladimir"]
[WhiteElo "2441"]
[BlackElo "2511"]
[Result "1/2-1/2"]
[PlyCount "22"]
[EventDate "2012.08.21"]

1. Nf3 Nf6 2. d4 d5 3. c4 e6 4. e3 Be7 5. Nbd2 O-O 6. b3 b6 7. Bb2 Bb7 8. Be2
Nbd7 9. O-O c5 10. Rc1 a6 11. a3 Rc8 1/2-1/2

[Event "I Festival delle Marche A"]
[Site "Civitanova Marche ITA"]
[Date "2012.08.29"]
[Round "9"]
[White "Teutsch, Alexander"]
[Black "Fico, Massimiliano"]
[WhiteElo "2095"]
[BlackElo "2281"]
[Result "0-1"]
[PlyCount "68"]
[EventDate "2012.08.21"]

1. d4 d5 2. c4 Nc6 3. Nc3 Nf6 4. Nf3 dxc4 5. e4 Bg4 6. Be3 e6 7. Bxc4 Bb4 8.
Qd3 Bxf3 9. gxf3 O-O 10. a3 Ba5 11. Rg1 Kh8 12. Rd1 Bb6 13. e5 Nd5 14. Ne4 Nce7
15. Bg5 Qd7 16. Bxd5 Nxd5 17. Be3 f6 18. f4 Rad8 19. b4 a5 20. b5 a4 21. exf6
Nxf6 22. Ng5 Qe8 23. Rg3 Rd5 24. Rh3 h6 25. Rb1 Rf5 26. Qc4 Nd5 27. Qd3 Ba5+
28. Kf1 Kg8 29. Ne4 Nxf4 30. Bxf4 Rxf4 31. f3 Qg6 32. Ke2 Rxe4+ 33. Qxe4 Qg2+
34. Kd3 Qxh3 0-1

[Event "I Festival delle Marche A"]
[Site "Civitanova Marche ITA"]
[Date "2012.08.29"]
[Round "9"]
[White "Valsecchi, Alessio"]
[Black "Bentivegna, Francesco"]
[WhiteElo "2427"]
[BlackElo "2317"]
[Result "0-1"]
[PlyCount "34"]
[EventDate "2012.08.21"]

1. e4 d5 2. exd5 Nf6 3. d4 Bg4 4. f3 Bf5 5. c4 e6 6. dxe6 Nc6 7. Be3 Bb4+ 8.
Nc3 Qe7 9. Qa4 Bxe6 10. Kf2 O-O-O 11. Re1 Rxd4 12. Bxd4 Nxd4 13. Bd3 Qc5 14.
Kf1 Rd8 15. Rd1 Bd7 16. Nb5 Bxb5 17. cxb5 Nd5 0-1